Cyfry liczby pi - Statystyki

Ogólne statystyki
  • Ten quiz został rozwiązany 15 653 razy
  • Średni wynik to 19 z 50
Statystyki odpowiedzi
# Cyfra % Poprawnych
1 3,
100%
2 1
98%
3 4
97%
4 1
93%
5 5
91%
6 9
87%
7 2
84%
8 6
81%
9 5
77%
10 3
75%
11 5
71%
12 8
67%
13 9
64%
14 7
59%
15 9
54%
16 3
50%
17 2
48%
18 3
45%
19 8
40%
20 4
36%
21 6
33%
22 2
31%
23 6
27%
24 4
25%
25 3
24%
26 3
21%
27 8
20%
28 3
19%
29 2
18%
30 7
17%
31 9
16%
32 5
15%
33 0
14%
34 2
14%
37 4
13%
35 8
13%
36 8
13%
38 1
12%
41 1
11%
42 6
11%
40 7
11%
39 9
11%
44 3
10%
43 9
10%
47 3
9%
45 9
9%
46 9
9%
50 1
8%
49 5
8%
48 7
8%
Nie znaleziono quizów pasujących do podanych kryteriów
Rozkład punktacji
Procent ludzi z każdym wynikiem
Percentyl według liczby udzielonych odpowiedzi
Twoja historia wyników
Nie rozwiązałeś tego quizu